Statistics for California Counties Map Quiz

Click here to take the quiz!

General Stats

  • This quiz has been taken 26,313 times
  • The average score is 22 of 58

Answers on the Map

Answers color-coded by a green-red scale on the quiz's map according to % correct below.
Loading ...
 

Answer Stats

Answer% Correct
San Diego
79%
Los Angeles
70%
San Francisco
66%
Orange
62%
San Bernardino
60%
Santa Barbara
55%
Riverside
54%
Imperial
50%
San Luis Obispo
49%
Monterey
48%
Ventura
48%
Marin
47%
Sacramento
46%
Santa Cruz
45%
San Mateo
44%
Kern
44%
Santa Clara
43%
Humboldt
43%
Alameda
42%
Napa
41%
Del Norte
40%
Fresno
39%
Sonoma
39%
Contra Costa
39%
Inyo
37%
Mendocino
37%
Shasta
36%
Siskiyou
35%
Modoc
34%
Nevada
34%
San Benito
33%
Trinity
32%
Lake
32%
Kings
32%
Yolo
31%
Lassen
31%
Mono
31%
San Joaquin
31%
Sierra
30%
Solano
30%
Alpine
30%
Placer
28%
El Dorado
28%
Tulare
27%
Merced
27%
Stanislaus
27%
Butte
27%
Plumas
25%
Yuba
25%
Glenn
25%
Tehama
25%
Madera
24%
Mariposa
24%
Sutter
23%
Colusa
23%
Tuolumne
23%
Amador
23%
Calaveras
22%

Score Distribution

Percentile by Number Answered

Percent of People with Each Score

Your Score History

You have not taken this quiz